Fiber-optic communication systems (Record no. 6795)

000 -LEADER
fixed length control field 00444nam a2200157 a 4500
020 ## - INTERNATIONAL STANDARD BOOK NUMBER
ISBN 978-1482217513
082 ## - DEWEY DECIMAL CLASSIFICATION NUMBER
Classification number 621.38275BIN
100 1# - MAIN ENTRY--AUTHOR NAME
Personal name Binh, Le Nguyen.
245 10 - TITLE STATEMENT
Title Fiber-optic communication systems
250 ## - EDITION STATEMENT
Edition statement 1st ed.
260 ## - PUBLICATION, DISTRIBUTION, ETC. (IMPRINT)
Place of publication New York
Name of publisher CRC Press,
Year of publication 2010.
300 ## - PHYSICAL DESCRIPTION
Number of Pages 534 p. ;
650 ## - SUBJECT ADDED ENTRY--TOPICAL TERM
Topical Term Fiber optics
-- Optical communications
856 40 - ELECTRONIC LOCATION AND ACCESS
Uniform Resource Identifier http://www.amazon.com/exec/obidos/ASIN/0471215716/chopaconline-20
942 ## - ADDED ENTRY ELEMENTS (KOHA)
Koha item type Books
Holdings
Withdrawn status Lost status Permanent Location Current Location Date acquired Cost, normal purchase price Full call number Accession Number Koha item type
    Central Library, QUEST, Nawabshah Central Library, QUEST, Nawabshah 2014-06-16 21436.00 621.381275BIN 44124 Books

Copyright © 2018,The QUEST, Nawabshah, Shaheed Benazirabad. All rights reserved
Mr. G. Farooq Channar (Librarian) QUEST, Nawabshah, Sindh, Pakistan 67480.
 Ph#: |   0244-9370381-4 Ext. 2308   Email| lib@quest.edu.pk   Web|  http://www.quest.edu.pk